Sports Quiz

Random Sports or NFL Quiz

NFL Offensive POTY Quiz Stats

Quiz Updated Jan 19, 2017

Also try: NFL Defensive POTY
Challenge
Share
Tweet
Embed
Score 0/45 Timer 06:00
13 Plays Today
Year Player % Correct
2007Tom Brady
98.2%
2004Peyton Manning
98.2%
2008Drew Brees
97.1%
2013Peyton Manning
97.1%
2011Drew Brees
95.7%
2015Cam Newton
95.4%
2006LaDainian Tomlinson
94.7%
2012Adrian Peterson
93.7%
2016Matt Ryan
93.4%
1995Brett Favre
92.9%
2009Chris Johnson
92.9%
1987Jerry Rice
92.3%
1993Jerry Rice
92.3%
1989Joe Montana
92.1%
1992Steve Young
90.6%
1999Marshall Faulk
89.8%
2000Marshall Faulk
89.8%
2001Marshall Faulk
89.8%
1994Barry Sanders
89.6%
1997Barry Sanders
89.6%
2005Shaun Alexander
89.1%
2003Jamal Lewis
83.9%
2014DeMarco Murray
83%
Year Player % Correct
1996Terrell Davis
82.3%
1998Terrell Davis
82.3%
2002Priest Holmes
81.4%
1984Dan Marino
78.3%
1990Warren Moon
71.8%
1991Thurman Thomas
66%
1977Walter Payton
64.4%
1986Eric Dickerson
57.2%
1973O.J. Simpson
55.2%
1985Marcus Allen
53.3%
1978Earl Campbell
52.7%
1979Earl Campbell
52.7%
1980Earl Campbell
52.7%
1982Dan Fouts
52.4%
1975Fran Tarkenton
50.1%
1988Roger Craig
39.3%
1983Joe Theismann
39.2%
2010Tom Brady
35.7%
1974Ken Stabler
35.4%
1981Ken Anderson
32.6%
1972Larry Brown
20.1%
1976Bert Jones
20.1%

You're not logged in!

Compare scores with friends on all Sporcle quizzes.
Sign Up with Email
OR
Log In

You Might Also Like...

Show Comments

Extras

Top Quizzes Today


Score Distribution

Your Account Isn't Verified!

In order to create a playlist on Sporcle, you need to verify the email address you used during registration. Go to your Sporcle Settings to finish the process.